Konštrukčný návrh hĺbkového rýpacieho zariadenia s mimoosím rýpaním pre UDS 132 a hmotnosťou 15t

Salvato in:
Dettagli Bibliografici
Autore principale: Janák, Anton (Autore)
Altri autori: Gulan, Ladislav (Relatore della tesi)
Natura: Manoscritto Libro
Lingua:slovacco
Pubblicazione: 2018
Soggetti:
Accesso online:http://is.stuba.sk/zp/portal_zp.pl?podrobnosti=137767
Tags: Aggiungi Tag
Nessun Tag, puoi essere il primo ad aggiungerne!!

MARC

LEADER 00000ntm a22000003a 4500
001 stuzp69761
003 SK-STU
005 20180820161739.8
007 ta
008 150427s2015----xo-----f-mn---000-0-slo-d
040 |a STU  |b slo 
041 0 |a slo 
100 1 |a Janák, Anton  |u 020030  |4 aut  |U SjF Strojnícka fakulta  |T SjF Ústav dopravnej techniky a konštruovania  |X 62806  |U J0030  |Y 806  |7 62806 
242 0 1 |a Design of a deep digging device with extrusion for UDS 132 and a weight of 15t  |y eng 
245 1 0 |a Konštrukčný návrh hĺbkového rýpacieho zariadenia s mimoosím rýpaním pre UDS 132 a hmotnosťou 15t 
260 |c 2018 
650 4 |a Násada  |2 slo 
650 4 |a Výložník  |2 slo 
650 4 |a Pracovné zariadenie  |2 slo 
650 4 |a Working equipment  |2 eng 
650 4 |a Boom  |2 eng 
650 4 |a Arm  |2 eng 
700 1 |a Gulan, Ladislav  |u 020030  |k Z1  |4 ths  |U SjF Strojnícka fakulta  |T SjF Ústav dopravnej techniky a konštruovania  |X 2356  |U J0030  |Y 806  |7 A000002356 
856 4 |u http://is.stuba.sk/zp/portal_zp.pl?podrobnosti=137767